Bài giảng kinh tế lượng

Saved in:
Bibliographic Details
Main Author: Ts.Nguyễn Quang Dong
Format: Book
Language:Vietnamese
Published: Hà Nội 2001
Tags: Add Tag
No Tags, Be the first to tag this record!
Institutions: Mạng thư viện Đại học Đà Nẵng
LEADER 00619nam a2200277 4500
001 000025737
003 1293
005 20150325120000.0
008 150325s vm 000 vie
020 |c 0,0000 
040 |a D4 
100 |a Ts.Nguyễn Quang Dong 
245 |a Bài giảng kinh tế lượng 
260 |b Hà Nội  |c 2001 
300 |a 286tr. ; 
OWN |a LTT 
999 |a From the UDN01 
TYP |a Monograph 
TYP |a Printed language 
980 |a Mạng thư viện Đại học Đà Nẵng